[Event "Team Russia"]
[Site "Petergof"]
[Date "2015.08.01"]
[Round "1.53"]
[White "Chibukhchyan, Erik"]
[Black "Morozov, Egor"]
[Result "1-0"]
[WhiteElo "1839"]
[BlackElo "2262"]
[PlyCount "67"]
[EventDate "2015.08.??"]
[EventType "team-swiss"]

1. e4 c5 2. Nf3 d6 3. d4 cxd4 4. Nxd4 Nf6 5. f3 e5 6. Bb5+ Bd7 7. Bxd7+ Qxd7 8.
Nf5 d5 9. Bg5 dxe4 10. Bxf6 Qxd1+ 11. Kxd1 gxf6 12. fxe4 Nc6 13. c3 O-O-O+ 14.
Kc2 Bc5 15. b4 Bb6 16. Nd2 Kb8 17. Rad1 Rhg8 18. g3 h5 19. Rhf1 Rg5 20. h3 Rgg8
21. Nc4 Bc7 22. Nce3 b5 23. Nd5 Rg6 24. Rf3 Rdg8 25. a4 a6 26. axb5 axb5 27.
Nxc7 Kxc7 28. Rd5 Ra8 29. Rxb5 Rgg8 30. Rc5 Ra2+ 31. Kb3 Rga8 32. Ne7 R2a6 33.
Rxf6 Kd7 34. Nxc6 1-0

[Event "Team Russia"]
[Site "Petergof"]
[Date "2015.08.01"]
[Round "1.54"]
[White "Yashmetov, Mikhail"]
[Black "Ufimtsev, Egor"]
[Result "0-1"]
[WhiteElo "2183"]
[BlackElo "1883"]
[PlyCount "48"]
[EventDate "2015.08.??"]
[EventType "team-swiss"]

1. d4 Nf6 2. c4 e6 3. Nf3 d5 4. g3 Be7 5. Bg2 O-O 6. O-O dxc4 7. Ne5 Nc6 8.
Nxc6 bxc6 9. Bxc6 Rb8 10. Bg2 Bb7 11. Nc3 c5 12. dxc5 Bxc5 13. Qc2 Bxg2 14.
Kxg2 Qe7 15. e4 Qb7 16. Bf4 Rbd8 17. Rad1 Bd4 18. f3 e5 19. Bg5 Rb8 20. Bxf6
Qxb2 21. Rc1 Bxc3 22. Be7 Rfc8 23. a3 Bd2 24. Qxb2 Rxb2 0-1

[Event "Team Russia"]
[Site "Petergof"]
[Date "2015.08.01"]
[Round "1.55"]
[White "Ustich, Ekaterina"]
[Black "Volkov, Roman"]
[Result "0-1"]
[WhiteElo "2082"]
[BlackElo "1928"]
[PlyCount "126"]
[EventDate "2015.08.??"]
[EventType "team-swiss"]

1. e4 e5 2. Nf3 Nc6 3. Bb5 a6 4. Bxc6 dxc6 5. O-O Bg4 6. h3 Bh5 7. g4 Bg6 8.
Nxe5 Bd6 9. Nxg6 hxg6 10. Qf3 Qd7 11. d4 O-O-O 12. e5 Be7 13. Be3 f5 14. exf6
Nxf6 15. Kg2 Rdf8 16. Nd2 Nd5 17. Qe4 Bd6 18. Nf3 Bf4 19. Ne5 Qe7 20. Rh1 g5
21. c4 Nxe3+ 22. fxe3 Bxe5 23. dxe5 Qb4 24. Qc2 Qc5 25. Qc3 Re8 26. e6 Rxe6 27.
Qxg7 Rhe8 28. Rhe1 Rxe3 29. Rxe3 Qxe3 30. Rf1 Qe4+ 31. Kg1 Qxc4 32. Qxg5 Qd4+
33. Kg2 Re2+ 34. Kg3 b6 35. Qg8+ Kb7 36. Qf7 Qxb2 37. g5 Rg2+ 38. Kh4 Qe5 39.
Qf6 Qe4+ 40. Rf4 Qh7+ 41. Qh6 Qd3 42. Qf6 Rg3 43. Qf5 Qc3 44. g6 Rd3 45. g7
Qe1+ 46. Kh5 Qe8+ 47. Kg4 Rd7 48. Qh7 Qe2+ 49. Kg5 Qg2+ 50. Rg4 Qd2+ 51. Kh4
Qf2+ 52. Kh5 Rd5+ 53. Rg5 Qf3+ 54. Kh4 Qf4+ 55. Rg4 Qf2+ 56. Rg3 Rd4+ 57. Kg5
Qxg3+ 58. Kf6 Qd6+ 59. Kg5 Qf4+ 60. Kg6 Rd6+ 61. Kh5 Rd5+ 62. Kg6 Rg5+ 63. Kh6
Qh4# 0-1

[Event "Team Russia"]
[Site "Petergof"]
[Date "2015.08.01"]
[Round "1.56"]
[White "Dimitrova, Aleksandra"]
[Black "Kvachko, Anastasiya"]
[Result "1-0"]
[WhiteElo "2134"]
[BlackElo "1703"]
[PlyCount "73"]
[EventDate "2015.08.??"]
[EventType "team-swiss"]

1. e4 e6 2. d4 d5 3. Nd2 a6 4. Bd3 c5 5. dxc5 Bxc5 6. Ngf3 Nf6 7. exd5 exd5 8.
O-O O-O 9. Nb3 Bb6 10. h3 Nc6 11. c3 Ne4 12. Bc2 Be6 13. Nbd4 Nxd4 14. Nxd4 Qf6
15. Be3 Bc7 16. Qd3 Qe5 17. f4 Qd6 18. c4 g6 19. Nxe6 fxe6 20. cxd5 Ng3 21. Rf3
Nf5 22. Bf2 exd5 23. Bb3 Rad8 24. Rd1 Ne7 25. g3 Bb6 26. Kg2 Bxf2 27. Rxf2 Kg7
28. Re2 d4 29. Re6 Qd7 30. Qe4 Nf5 31. Re1 Ne3+ 32. Rxe3 dxe3 33. Re7+ Qxe7 34.
Qxe7+ Kh6 35. g4 Rh8 36. g5+ Kh5 37. Qxe3 1-0

[Event "Team Russia"]
[Site "Petergof"]
[Date "2015.08.02"]
[Round "2.1"]
[White "Savenkov, Konstantin"]
[Black "Kruzhilin, Aleksey"]
[Result "1-0"]
[WhiteElo "2296"]
[BlackElo "2141"]
[PlyCount "91"]
[EventDate "2015.08.??"]
[EventType "team-swiss"]
[WhiteClock "0:06:24"]
[BlackClock "0:00:43"]

1. e4 e5 2. Nf3 Nc6 3. d4 exd4 4. Nxd4 Bc5 5. Be3 Qf6 6. c3 Nge7 7. g3 d5 8.
Bg2 dxe4 9. Nb5 Bxe3 10. Nxc7+ Kf8 11. fxe3 Rb8 12. Nd5 Qe5 13. Nxe7 Kxe7 14.
O-O Be6 15. Nd2 Rbd8 16. Qe2 f5 17. Nb3 Bxb3 18. axb3 g6 19. g4 h5 20. gxf5
gxf5 21. Bh3 Rhg8+ 22. Kh1 Rg5 23. Rad1 a6 24. Qf2 Rxd1 25. Rxd1 Kf6 26. Rd7 b5
27. Qd2 Ke6 28. b4 h4 29. Qd1 Nb8 30. Rd8 Ke7 31. Rd5 Qf6 32. Qf1 f4 33. Rxg5
Qxg5 34. Qxf4 Qxf4 35. exf4 Kd6 36. Kg1 Kd5 37. Kf2 Kc4 38. Ke3 Kb3 39. Kxe4
Kxb2 40. Kd5 Kxc3 41. Bc8 a5 42. bxa5 b4 43. a6 b3 44. a7 Na6 45. Kd6 b2 46.
Bf5 1-0

[Event "Team Russia"]
[Site "Petergof"]
[Date "2015.08.02"]
[Round "2.2"]
[White "Karpenko, Artem"]
[Black "Yeletsky, Ivan"]
[Result "0-1"]
[WhiteElo "2276"]
[BlackElo "2338"]
[PlyCount "132"]
[EventDate "2015.08.??"]
[EventType "team-swiss"]
[WhiteClock "0:01:21"]
[BlackClock "0:24:01"]

1. e4 c5 2. Nf3 d6 3. Bb5+ Bd7 4. Bxd7+ Qxd7 5. O-O Nf6 6. Re1 Nc6 7. c3 e6 8.
d4 cxd4 9. cxd4 d5 10. e5 Ng8 11. Nc3 Nge7 12. Ne2 Nf5 13. Ng3 Nxg3 14. hxg3 h6
15. Bd2 Be7 16. a3 O-O 17. g4 Rac8 18. Rc1 b5 19. g3 b4 20. a4 Na5 21. Kg2 Rxc1
22. Bxc1 b3 23. Rh1 f6 24. exf6 Bxf6 25. Qd3 Qc6 26. Bd2 Nc4 27. Bb4 Rb8 28.
Bc3 Qxa4 29. g5 hxg5 30. Qh7+ Kf7 31. Qh5+ Ke7 32. Nxg5 Qe8 33. Qg4 Rb6 34. Nh7
Qf7 35. Nxf6 Qxf6 36. Rh7 Kf7 37. Rh8 Qf5 38. Qh4 Qe4+ 39. Qxe4 dxe4 40. Rc8
Nd6 41. Rc7+ Kf6 42. d5+ e5 43. Rxa7 Nb5 44. Ba5 Nxa7 45. Bxb6 Nb5 46. Kf1 Nc3
47. Be3 Na4 48. Bc1 Ke7 49. Ke2 Kd6 50. Ke3 Kxd5 51. Ke2 Nb6 52. Bd2 g6 53. Ke1
Nc4 54. Bc3 Ke6 55. Ke2 Kf5 56. Kf1 Kg4 57. Kg2 g5 58. Kg1 Kf3 59. Kf1 g4 60.
Ke1 e3 61. fxe3 e4 62. Bd4 Kxg3 63. Ke2 Kh2 64. Ba7 g3 65. Bb8 Nxb2 66. Kd2 Na4
0-1

[Event "Team Russia"]
[Site "Petergof"]
[Date "2015.08.02"]
[Round "2.3"]
[White "Smirnov, Timofey"]
[Black "Guliev, Gasan"]
[Result "1/2-1/2"]
[WhiteElo "2297"]
[BlackElo "2053"]
[PlyCount "70"]
[EventDate "2015.08.??"]
[EventType "team-swiss"]
[WhiteClock "0:02:21"]
[BlackClock "0:07:56"]

1. e4 e5 2. Nf3 Nc6 3. Bb5 a6 4. Ba4 Nf6 5. O-O Be7 6. d3 b5 7. Bb3 d6 8. a3
O-O 9. Nc3 Na5 10. Ba2 Be6 11. Bg5 h6 12. Bd2 c5 13. b4 Bxa2 14. Rxa2 Nc6 15.
Nd5 Nxd5 16. exd5 Nd4 17. c4 Rc8 18. bxc5 Nxf3+ 19. Qxf3 dxc5 20. Qg3 Bd6 21.
Bxh6 Qf6 22. Bg5 Qf5 23. Bc1 Rb8 24. Re2 f6 25. f4 Qh5 26. Ree1 b4 27. axb4
cxb4 28. fxe5 Bxe5 29. Bf4 b3 30. d6 b2 31. Rb1 Bd4+ 32. Be3 Be5 33. Bf4 Bd4+
34. Be3 Be5 35. Bf4 Bd4+ 1/2-1/2

[Event "Team Russia"]
[Site "Petergof"]
[Date "2015.08.02"]
[Round "2.4"]
[White "Protopopova, Anastasiya"]
[Black "Borisova, Ekaterina"]
[Result "1-0"]
[WhiteElo "2177"]
[BlackElo "2004"]
[PlyCount "67"]
[EventDate "2015.08.??"]
[EventType "team-swiss"]
[WhiteClock "0:02:49"]
[BlackClock "0:18:40"]

1. Nf3 d5 2. d4 Nf6 3. c4 c6 4. e3 Bg4 5. Nc3 e6 6. Qb3 Qb6 7. c5 Qc7 8. Ne5
Nbd7 9. f4 Bf5 10. Be2 b6 11. cxb6 axb6 12. O-O Be7 13. Bd2 O-O 14. Rac1 Nxe5
15. fxe5 Ne4 16. Nxe4 Bxe4 17. Bb5 c5 18. a4 f6 19. exf6 Bd6 20. Be1 Bxh2+ 21.
Kh1 gxf6 22. Qd1 Qg7 23. Qe2 Qh6 24. Qg4+ Kh8 25. Qh4 Qxe3 26. Rc3 Qxd4 27.
Kxh2 Ra7 28. Rg3 Qe5 29. Bc3 d4 30. Bd2 Raf7 31. Bf4 Qd5 32. Bh6 Rg8 33. Rxg8+
Kxg8 34. Qg3+ 1-0

[Event "Team Russia"]
[Site "Petergof"]
[Date "2015.08.02"]
[Round "2.5"]
[White "Zenzera, Alexey"]
[Black "Kukhmazov, Arsen"]
[Result "1/2-1/2"]
[WhiteElo "2446"]
[BlackElo "2426"]
[PlyCount "83"]
[EventDate "2015.08.??"]
[EventType "team-swiss"]
[WhiteClock "0:08:43"]
[BlackClock "0:07:14"]

1. d4 Nf6 2. Nf3 d5 3. Bf4 c5 4. e3 Nc6 5. Be2 Bf5 6. O-O e6 7. c3 Be7 8. Nbd2
h6 9. dxc5 Bxc5 10. Nb3 Bd6 11. Bxd6 Qxd6 12. c4 O-O 13. Rc1 Rfd8 14. c5 Qb8
15. Nbd4 Bg4 16. h3 Nxd4 17. exd4 Bxf3 18. Bxf3 e5 19. Re1 e4 20. Be2 Qf4 21.
Rc3 Re8 22. Bf1 Re6 23. b4 Nh7 24. g3 Qc7 25. h4 f5 26. Bh3 Rf6 27. f4 g5 28.
Qd2 gxh4 29. gxh4 Rg6+ 30. Kh2 Kh8 31. Rcc1 Rag8 32. Rg1 Rxg1 33. Rxg1 Rxg1 34.
Kxg1 Qg7+ 35. Kh2 Qf6 36. b5 Nf8 37. Qc3 Ne6 38. c6 bxc6 39. Qxc6 Qxd4 40. Qe8+
Kg7 41. Qe7+ Kh8 42. Qe8+ 1/2-1/2

[Event "Team Russia"]
[Site "Petergof"]
[Date "2015.08.02"]
[Round "2.6"]
[White "Afanasiev, Nikita"]
[Black "Timerkhanov, Alexander"]
[Result "1-0"]
[WhiteElo "2281"]
[BlackElo "2302"]
[PlyCount "102"]
[EventDate "2015.08.??"]
[EventType "team-swiss"]
[WhiteClock "0:13:25"]
[BlackClock "0:01:47"]

1. d4 d5 2. Bg5 c6 3. Nd2 Nf6 4. e3 Bf5 5. Ngf3 Nbd7 6. Bd3 Bxd3 7. cxd3 e6 8.
O-O Be7 9. e4 O-O 10. Re1 Nh5 11. Bxe7 Qxe7 12. Nf1 Nhf6 13. Qd2 a5 14. Re2
Rfd8 15. e5 Ne8 16. Ng3 a4 17. h4 Rdc8 18. Qf4 c5 19. Rc1 a3 20. b3 cxd4 21.
Rec2 Rxc2 22. Rxc2 Nc5 23. Qxd4 b6 24. Qb4 Kf8 25. Rc3 Nd7 26. Qf4 Kg8 27. Ne2
h6 28. Nfd4 Qb4 29. Qg3 Nc5 30. Nc6 Qb5 31. Ned4 Qa6 32. b4 Na4 33. Rxa3 b5 34.
Rb3 Qb7 35. Rb1 Nc3 36. Rc1 Ra3 37. Kh2 Na4 38. Rc2 Rc3 39. Rxc3 Nxc3 40. Qe3
Qa6 41. Na5 Qa7 42. a3 h5 43. Qf4 g6 44. Nac6 Qb7 45. Qd2 Na4 46. Qg5 Qd7 47.
g4 Ng7 48. Ne7+ Kh7 49. Qf6 Qa7 50. Qxf7 hxg4 51. Qf6 Qd7 1-0

[Event "Team Russia"]
[Site "Petergof"]
[Date "2015.08.02"]
[Round "2.7"]
[White "Askerov, Marat"]
[Black "Maksimov, Dmitri"]
[Result "1/2-1/2"]
[WhiteElo "2194"]
[BlackElo "2307"]
[PlyCount "90"]
[EventDate "2015.08.??"]
[EventType "team-swiss"]
[WhiteClock "0:00:38"]
[BlackClock "0:50:58"]

1. d4 d5 2. c4 c6 3. cxd5 cxd5 4. Nc3 Nc6 5. Bf4 e5 6. dxe5 d4 7. Ne4 Bf5 8.
Nd6+ Bxd6 9. exd6 Nf6 10. Nf3 Nh5 11. Qd2 Nxf4 12. Qxf4 Qa5+ 13. Qd2 Qxd2+ 14.
Kxd2 Rd8 15. g3 Rxd6 16. Bg2 O-O 17. Nh4 Be6 18. Rhd1 Ne5 19. Ke1 Rc8 20. Nf3
Nxf3+ 21. Bxf3 b6 22. Rd2 Kf8 23. b3 Ke7 24. Rad1 Rcd8 25. h4 a5 26. Be4 h6 27.
Rc1 g5 28. Rc7+ Kf6 29. hxg5+ hxg5 30. Rc1 Ke5 31. Bg2 d3 32. exd3 Rxd3 33.
Rxd3 Rxd3 34. Ke2 Rd4 35. Rc6 Rb4 36. Ke3 g4 37. f4+ gxf3 38. Bxf3 Bf5 39. Rc1
a4 40. Bd1 Re4+ 41. Kf2 a3 42. Bc2 Rd4 43. Bxf5 Kxf5 44. Ke3 Rd6 45. Rc4 Re6+
1/2-1/2

[Event "Team Russia"]
[Site "Petergof"]
[Date "2015.08.02"]
[Round "2.8"]
[White "Zakariadze, Irina"]
[Black "Styazhkina, Anna"]
[Result "0-1"]
[WhiteElo "1822"]
[BlackElo "2262"]
[PlyCount "44"]
[EventDate "2015.08.??"]
[EventType "team-swiss"]
[WhiteClock "0:01:07"]
[BlackClock "0:34:48"]

1. d4 d5 2. Nc3 Nf6 3. Bf4 Bf5 4. f3 e6 5. g4 Bg6 6. h4 h5 7. g5 Nfd7 8. e4
dxe4 9. fxe4 Bb4 10. Bg2 Nc6 11. Nge2 e5 12. dxe5 Ndxe5 13. Qd5 Ng4 14. Rh3 Qe7
15. Rd3 O-O 16. Bg3 Rad8 17. Qb5 Bxc3+ 18. bxc3 Bxe4 19. Bxe4 Qxe4 20. Rad1
Rde8 21. Rd7 Ne3 22. Qd3 Qh1+ 0-1

[Event "Team Russia"]
[Site "Petergof"]
[Date "2015.08.02"]
[Round "2.9"]
[White "Drygalov, Andrey"]
[Black "Malyshev, Grigory"]
[Result "0-1"]
[WhiteElo "2309"]
[BlackElo "2259"]
[PlyCount "120"]
[EventDate "2015.08.??"]
[EventType "team-swiss"]
[WhiteClock "0:03:46"]
[BlackClock "0:02:50"]

1. Nf3 d5 2. g3 Nf6 3. Bg2 c6 4. O-O Bg4 5. d3 e6 6. Nbd2 Nbd7 7. e4 Be7 8. h3
Bxf3 9. Qxf3 O-O 10. Qe2 dxe4 11. dxe4 e5 12. Nc4 Qc7 13. a4 Rfd8 14. Bd2 Ne8
15. Bc3 f6 16. Kh1 Nd6 17. Ne3 a6 18. f4 b5 19. b3 Nf7 20. Nf5 Bf8 21. Qe1 Qb7
22. Ne3 Bc5 23. Qe2 Re8 24. Nf5 Bf8 25. Rfd1 Nc5 26. axb5 axb5 27. Rxa8 Qxa8
28. Bb4 Rd8 29. Rxd8 Qxd8 30. Bf3 g6 31. Ne3 Ne6 32. Bxf8 Kxf8 33. fxe5 Nxe5
34. Bg2 h5 35. Qd1 Qxd1+ 36. Nxd1 Nd4 37. Ne3 Ke7 38. Kg1 Kd6 39. Kf2 Kc5 40.
Ke1 b4 41. Kd2 Nb5 42. Nd1 Kd4 43. Nf2 Nc3 44. Bh1 g5 45. g4 hxg4 46. hxg4 Nb5
47. Nd3 c5 48. Nf2 Nd6 49. Bg2 c4 50. Bh1 cxb3 51. cxb3 Nb7 52. Nd1 Nc5 53. Ne3
Nxb3+ 54. Ke2 Nc5 55. Nd5 b3 56. Kd2 Nxg4 57. Nc3 Nf2 58. e5 Kxe5 59. Bc6 Nfe4+
60. Nxe4 Nxe4+ 0-1

[Event "Team Russia"]
[Site "Petergof"]
[Date "2015.08.02"]
[Round "2.10"]
[White "Rudenko, Naum"]
[Black "Drygalov, Sergey"]
[Result "0-1"]
[WhiteElo "1957"]
[BlackElo "2362"]
[PlyCount "98"]
[EventDate "2015.08.??"]
[EventType "team-swiss"]
[WhiteClock "0:11:00"]
[BlackClock "0:18:36"]

1. d4 d5 2. c4 c6 3. cxd5 cxd5 4. Nc3 Nf6 5. Nf3 Nc6 6. Bf4 a6 7. e3 Bg4 8. Bd3
e6 9. O-O Bd6 10. Bxd6 Qxd6 11. Rc1 O-O 12. h3 Bh5 13. Na4 Nd7 14. Nc5 Nxc5 15.
Rxc5 e5 16. Be2 exd4 17. exd4 Rae8 18. Re1 Bxf3 19. Bxf3 Rxe1+ 20. Qxe1 Nxd4
21. Rc3 g6 22. Qd2 Nxf3+ 23. Rxf3 d4 24. Rd3 Rd8 25. Qa5 Kg7 26. g3 Rd7 27. b3
Qe6 28. Qb4 Qe4 29. Qd2 h5 30. h4 b5 31. b4 Rd5 32. a3 f6 33. f3 Qe5 34. Kf2 g5
35. Qc1 gxh4 36. f4 Qf5 37. Qd2 hxg3+ 38. Rxg3+ Kf7 39. Qc1 h4 40. Rg2 h3 41.
Rg3 h2 42. Kg2 Qe4+ 43. Rf3 Rh5 44. Qc7+ Qe7 45. Qxe7+ Kxe7 46. Kh1 Ke6 47. f5+
Rxf5 48. Rd3 Kd5 49. Kxh2 Kc4 0-1

[Event "Team Russia"]
[Site "Petergof"]
[Date "2015.08.02"]
[Round "2.11"]
[White "Salemgareev, Tagir"]
[Black "Bogdanov, Stanislav"]
[Result "1-0"]
[WhiteElo "2050"]
[BlackElo "1846"]
[PlyCount "115"]
[EventDate "2015.08.??"]
[EventType "team-swiss"]
[WhiteClock "0:30:11"]
[BlackClock "0:11:12"]

1. d4 d5 2. Nf3 Bf5 3. c4 e6 4. Nc3 Nf6 5. Qb3 Nc6 6. c5 Rb8 7. Bf4 Nh5 8. Bg5
Be7 9. Bxe7 Qxe7 10. e3 O-O 11. Qa4 a6 12. a3 Nf6 13. Be2 Ne4 14. Nxe4 Bxe4 15.
O-O e5 16. Rfe1 Bxf3 17. Bxf3 e4 18. Be2 Nd8 19. Qb3 Qe6 20. f3 f5 21. f4 Nc6
22. Qc3 Na7 23. a4 Qd7 24. Rec1 Rfc8 25. Qd2 Qe7 26. b4 c6 27. Rcb1 Qd7 28. Qb2
Kf8 29. b5 cxb5 30. axb5 Nxb5 31. Bxb5 Qxb5 32. Qxb5 axb5 33. Rxb5 Ke7 34. Rb6
Rc6 35. Rxc6 bxc6 36. Ra7+ Kf8 37. Rc7 Rb3 38. Kf2 Rb2+ 39. Kf1 Rb3 40. Ke2
Rb2+ 41. Kf1 Rb1+ 42. Ke2 Rb2+ 43. Kd1 Rxg2 44. Rxc6 Rxh2 45. Rd6 Rh3 46. c6
Ke7 47. c7 Kxd6 48. c8=Q Rxe3 49. Qc5+ Ke6 50. Qc6+ Ke7 51. Qxd5 g6 52. Qe5+
Kd7 53. d5 h5 54. Qe6+ Kc7 55. Qe7+ Kb6 56. Qb4+ Ka6 57. Qa4+ Kb7 58. Qc6+ 1-0

[Event "Team Russia"]
[Site "Petergof"]
[Date "2015.08.02"]
[Round "2.12"]
[White "Tikhonova, Dariya"]
[Black "Alekseeva, Irina"]
[Result "0-1"]
[WhiteElo "1753"]
[BlackElo "2141"]
[PlyCount "122"]
[EventDate "2015.08.??"]
[EventType "team-swiss"]
[WhiteClock "0:01:47"]
[BlackClock "0:39:07"]

1. d4 Nf6 2. Bg5 c5 3. dxc5 Qa5+ 4. Nc3 Ne4 5. Bd2 Nxd2 6. Qxd2 Qxc5 7. Nf3 e6
8. e4 Be7 9. Be2 O-O 10. O-O Nc6 11. Rfd1 a6 12. Na4 Qa7 13. Qf4 b5 14. Nc3 Bc5
15. Qg3 Ne7 16. Ne5 f5 17. Rf1 b4 18. Na4 fxe4 19. Nxc5 Qxc5 20. Rad1 Nf5 21.
Qf4 Nd4 22. Qxe4 Nxe2+ 23. Qxe2 Ra7 24. Nc4 a5 25. Qe3 Rc7 26. Qxc5 Rxc5 27.
Ne3 d5 28. f4 Rd8 29. Rd4 Kf7 30. Rfd1 g6 31. Kf2 Ba6 32. Ra1 Rb8 33. b3 a4 34.
a3 bxa3 35. Rxa3 axb3 36. Rxb3 Rxb3 37. cxb3 Rc3 38. Rb4 h5 39. Rb6 Bd3 40. Ke1
Be4 41. Kd2 d4 42. Nc4 Ke7 43. Ne5 Rc2+ 44. Kd1 Rxg2 45. Rb4 Bd5 46. Rxd4 Bxb3+
47. Ke1 Bd5 48. h4 Kf6 49. Kf1 Rh2 50. Ra4 Rxh4 51. Kf2 Kf5 52. Kg3 g5 53. Nd3
Rg4+ 54. Kf2 gxf4 55. Ra5 h4 56. Nb4 Ke5 57. Nc6+ Kd6 58. Nd4 h3 59. Ra6+ Ke5
60. Nf3+ Kf6 61. Ra3 h2 0-1

[Event "Team Russia"]
[Site "Petergof"]
[Date "2015.08.02"]
[Round "2.13"]
[White "Triapishko, Olexandr"]
[Black "Oparin, Grigoriy"]
[Result "1/2-1/2"]
[WhiteElo "2459"]
[BlackElo "2564"]
[PlyCount "50"]
[EventDate "2015.08.??"]
[EventType "team-swiss"]

1. e4 c5 2. Nf3 d6 3. d4 cxd4 4. Nxd4 Nf6 5. Nc3 a6 6. Be3 e5 7. Nb3 Be6 8. h3
Nc6 9. Qf3 Rc8 10. O-O-O Nb4 11. Kb1 Qc7 12. a3 Nxc2 13. Kxc2 Qc6 14. Nd2 d5
15. exd5 Nxd5 16. Rc1 Qa4+ 17. Kb1 Nxc3+ 18. Rxc3 Rxc3 19. bxc3 Bxa3 20. Bd3
Bb4 21. cxb4 Qxb4+ 22. Kc2 Qa4+ 23. Kc1 Qa3+ 24. Kc2 Qa4+ 25. Kc1 Qa3+ 1/2-1/2

[Event "Team Russia"]
[Site "Petergof"]
[Date "2015.08.02"]
[Round "2.14"]
[White "Zakhartsov, Vladimir"]
[Black "Isayev, Maksym"]
[Result "1-0"]
[WhiteElo "2453"]
[BlackElo "2121"]
[PlyCount "133"]
[EventDate "2015.08.??"]
[EventType "team-swiss"]

1. e4 e6 2. d4 d5 3. Nc3 Bb4 4. e5 c5 5. a3 Bxc3+ 6. bxc3 Ne7 7. Qg4 Qc7 8. Bd2
cxd4 9. cxd4 Qxc2 10. Rc1 Qe4+ 11. Qxe4 dxe4 12. Ne2 Nbc6 13. Ng3 O-O 14. Nxe4
Rd8 15. Nd6 Nf5 16. Bg5 Rd7 17. d5 Nxe5 18. Nxc8 f6 19. Bd2 exd5 20. g4 Nd4 21.
Bf4 Ndc6 22. Bxe5 fxe5 23. g5 Rxc8 24. Bh3 Rcd8 25. Bxd7 Rxd7 26. h4 Kf7 27.
Rh3 Kg6 28. Rf3 e4 29. Rf8 Kh5 30. Kd2 Ne5 31. Rcc8 d4 32. Rcd8 Nf3+ 33. Kd1
Rc7 34. Rc8 Rd7 35. Rce8 Nxh4 36. Rxe4 Kxg5 37. Re5+ Kh6 38. Rfe8 Rf7 39. Ke2
Nf5 40. Rd8 g6 41. Red5 Rc7 42. Kd2 Rc6 43. R5d7 Ra6 44. f4 Rxa3 45. Rh8 Kh5
46. Rhxh7+ Kg4 47. Rxb7 a5 48. Rb6 Kxf4 49. Rxg6 Ne3 50. Rh4+ Ke5 51. Rg5+ Kf6
52. Rc5 Ra2+ 53. Kd3 Ra3+ 54. Ke4 Ng2 55. Rf5+ Ke6 56. Rh6+ Ke7 57. Rg5 Ne1 58.
Rg7+ Kf8 59. Ra7 Re3+ 60. Kxd4 Nc2+ 61. Kc4 Na3+ 62. Kc5 Rc3+ 63. Kd5 Rd3+ 64.
Ke4 Rd4+ 65. Ke5 Rg4 66. Rh8+ Rg8 67. Kf6 1-0

[Event "Team Russia"]
[Site "Petergof"]
[Date "2015.08.02"]
[Round "2.15"]
[White "Neznanov, Aleksandr"]
[Black "Vavulin, Maksim"]
[Result "0-1"]
[WhiteElo "2058"]
[BlackElo "2435"]
[PlyCount "66"]
[EventDate "2015.08.??"]
[EventType "team-swiss"]

1. c4 g6 2. Nf3 Bg7 3. g3 c5 4. Bg2 Nc6 5. Nc3 d6 6. O-O Bf5 7. d3 Qd7 8. Re1
Bh3 9. Bh1 h6 10. Nd5 g5 11. e3 e6 12. Nc3 Nge7 13. d4 Rd8 14. d5 exd5 15. Nxd5
Nxd5 16. cxd5 Ne7 17. e4 Ng6 18. Qc2 O-O 19. Nd2 Rde8 20. Nf1 f5 21. Bd2 Qf7
22. Bc3 Bxc3 23. bxc3 Ne5 24. Ne3 f4 25. Nf1 Qh5 26. Nd2 Rf7 27. Qd1 Bg4 28.
Qa4 fxg3 29. fxg3 Rf2 30. Nf1 Be2 31. Rxe2 Rxe2 32. h3 Nf3+ 33. Bxf3 Qxf3 0-1

[Event "Team Russia"]
[Site "Petergof"]
[Date "2015.08.02"]
[Round "2.16"]
[White "Kisteneva, Liza"]
[Black "Potapova, Margarita"]
[Result "1-0"]
[WhiteElo "2069"]
[BlackElo "2069"]
[PlyCount "111"]
[EventDate "2015.08.??"]
[EventType "team-swiss"]

1. e4 c5 2. c4 d6 3. Nc3 e5 4. g3 g6 5. Bg2 Bg7 6. Nge2 Ne7 7. O-O O-O 8. d3
Nbc6 9. a3 h6 10. Rb1 Kh7 11. b4 b6 12. b5 Nd4 13. Nxd4 cxd4 14. Ne2 Bd7 15. f4
f6 16. a4 a5 17. Ba3 Nc8 18. Kh1 Ra7 19. Ng1 Be8 20. Bh3 Bd7 21. Bxd7 Rxd7 22.
f5 g5 23. g4 Kg8 24. Ne2 Kf7 25. Ng3 Ke8 26. Kg2 Rh8 27. Rh1 Bf8 28. Kf2 Rdh7
29. Nh5 Kd7 30. Qb3 Kc7 31. h3 Kb8 32. Rh2 Be7 33. Rbh1 Qg8 34. Ke2 Qf7 35. Kd2
Kb7 36. Bc1 Kb8 37. Qc2 Kb7 38. Kd1 Kb8 39. Qe2 Kb7 40. h4 Kb8 41. Rh3 Kb7 42.
Qh2 Bf8 43. Nxf6 Qxf6 44. hxg5 Qd8 45. g6 Rg7 46. Bxh6 Rgg8 47. Bxf8 Rxh3 48.
Qxh3 Qxf8 49. Qh7+ Ne7 50. Qf7 Kc8 51. Rh7 Kd8 52. Qxf8+ Rxf8 53. g7 Rg8 54. f6
Ke8 55. Rh8 Kf7 56. fxe7 1-0

[Event "Team Russia"]
[Site "Petergof"]
[Date "2015.08.02"]
[Round "2.17"]
[White "Tarasov, Alexandr"]
[Black "Alekseenko, Kirill"]
[Result "0-1"]
[WhiteElo "2305"]
[BlackElo "2540"]
[PlyCount "68"]
[EventDate "2015.08.??"]
[EventType "team-swiss"]

1. Nf3 Nf6 2. c4 e6 3. g3 d5 4. d4 dxc4 5. Bg2 Bb4+ 6. Bd2 a5 7. O-O O-O 8. Bg5
h6 9. Bxf6 Qxf6 10. a3 Bd6 11. Nbd2 b5 12. a4 c6 13. Ne5 Bxe5 14. dxe5 Qxe5 15.
axb5 Qxb5 16. Qc2 Ba6 17. Qc3 a4 18. Rfc1 Rd8 19. Bf3 Bb7 20. Nxc4 Na6 21. Na3
Qg5 22. h4 Qe7 23. Nc4 Nb4 24. Nb6 Ra5 25. Nxa4 Rda8 26. b3 e5 27. e3 e4 28.
Be2 Ba6 29. Nb6 Bxe2 30. Nxa8 Rh5 31. Nb6 Bf3 32. Nc8 Qe6 33. Ra8 Qh3 34. Ne7+
Kh7 0-1

[Event "Team Russia"]
[Site "Petergof"]
[Date "2015.08.02"]
[Round "2.18"]
[White "Lobanov, Sergei"]
[Black "Payanidi, Janis"]
[Result "1-0"]
[WhiteElo "2377"]
[BlackElo "2238"]
[PlyCount "77"]
[EventDate "2015.08.??"]
[EventType "team-swiss"]

1. e4 c5 2. Nf3 d6 3. d4 cxd4 4. Nxd4 Nf6 5. Nc3 a6 6. Be2 e5 7. Nb3 Be7 8. Be3
Be6 9. Nd5 Nbd7 10. Qd3 Bxd5 11. exd5 b5 12. a4 b4 13. a5 Qb8 14. g4 h6 15. h4
Qb7 16. O-O-O Nf8 17. g5 hxg5 18. hxg5 Rxh1 19. Rxh1 N6d7 20. Rh8 g6 21. f4 f5
22. gxf6 Bxf6 23. Rh1 exf4 24. Bxf4 Ne5 25. Qe4 Kf7 26. Nd4 Kg8 27. Nc6 Re8 28.
Qxb4 Qc7 29. Bxa6 Nxc6 30. dxc6 Qxc6 31. Qc4+ Qxc4 32. Bxc4+ Ne6 33. Re1 Kf7
34. Bxd6 Bg5+ 35. Kb1 Bd2 36. Rxe6 Rxe6 37. a6 Be3 38. Bxe6+ Kxe6 39. Bb8 1-0

[Event "Team Russia"]
[Site "Petergof"]
[Date "2015.08.02"]
[Round "2.19"]
[White "Kovalev, Egor"]
[Black "Saveliev, Alexei"]
[Result "1-0"]
[WhiteElo "2186"]
[BlackElo "2310"]
[PlyCount "71"]
[EventDate "2015.08.??"]
[EventType "team-swiss"]

1. c4 c5 2. Nf3 Nf6 3. Nc3 Nc6 4. g3 e5 5. Bg2 g6 6. O-O Bg7 7. a3 d6 8. b4 O-O
9. bxc5 dxc5 10. Rb1 Rb8 11. d3 Re8 12. Ng5 Nd4 13. Nge4 Nxe4 14. Nxe4 Qe7 15.
e3 Ne6 16. Nc3 Nc7 17. Qa4 a6 18. Rb6 Qd8 19. Qb3 Re6 20. a4 Na8 21. Rxe6 Bxe6
22. Rd1 b6 23. Ba3 Nc7 24. Rb1 Qxd3 25. Bf1 Qd8 26. Bxc5 b5 27. Qb4 Qc8 28. Bd6
Rb7 29. cxb5 axb5 30. Bg2 Rb6 31. Qc5 Rxd6 32. Qxd6 Ne8 33. Qc6 Qd8 34. axb5
Bd7 35. Rd1 Nf6 36. Ne4 1-0

[Event "Team Russia"]
[Site "Petergof"]
[Date "2015.08.02"]
[Round "2.20"]
[White "Kiseleva, Arina"]
[Black "Milovanova, Maria"]
[Result "0-1"]
[WhiteElo "2038"]
[BlackElo "1945"]
[PlyCount "72"]
[EventDate "2015.08.??"]
[EventType "team-swiss"]

1. d4 Nf6 2. Nf3 e6 3. c4 d5 4. Nc3 Bb4 5. Bg5 dxc4 6. e4 c5 7. dxc5 Qxd1+ 8.
Rxd1 Bxc5 9. e5 Nfd7 10. Bxc4 Nc6 11. Ne4 Bb4+ 12. Ke2 O-O 13. Bf4 Nb6 14. Bd3
Nd5 15. Bg3 Rd8 16. a3 Bf8 17. Bc4 b6 18. Bxd5 exd5 19. Nc3 Ba6+ 20. Kd2 d4 21.
Ne4 Na5 22. Kc1 Be2 23. Rde1 Rac8+ 24. Kb1 Bd3+ 25. Ka2 Nc4 26. Ned2 Nxb2 27.
Kxb2 Rc2+ 28. Ka1 Bxa3 29. Rd1 Bb4 30. Ne1 Bc3+ 31. Kb1 Rb2+ 32. Kc1 Be2 33.
Ne4 Bxd1 34. Kxd1 Rb1+ 35. Ke2 d3+ 36. Kf3 d2 0-1